000 00338nam a22001457a 4500
003 OSt
005 20220223095657.0
008 220223b |||||||| |||| 00| 0 eng d
020 _a8173810737
040 _cH U
082 _a690
100 _aGuha P.K.
_931231
245 _aMaintenance And Repairs Of Buildings
942 _2ddc
_cBOOKS
_n0
999 _c31291
_d31291